Проблемы оценки кредитоспособности заёмщиков; Т. 1

Opis bibliograficzny
Parent link:Т. 1.— 2009.— С. 153-155
1. autor: Петренко В. Е.
Język:rosyjski
Wydane: 2009
Hasła przedmiotowe:
Format: MixedMaterials Rozdział
KOHA link:https://koha.lib.tpu.ru/cgi-bin/koha/opac-detail.pl?biblionumber=176035

MARC

LEADER 00000naa2a2200000 4500
001 176035
005 20231031165200.0
035 |a (RuTPU)RU\TPU\book\190839 
090 |a 176035 
100 |a 20100219d2009 k y0rusy50 ca 
101 0 |a rus 
102 |a RU 
200 1 |a Проблемы оценки кредитоспособности заёмщиков  |f В. Е. Петренко 
320 |a Библиогр.: 2 назв. 
463 0 |0 (RuTPU)RU\TPU\book\186920  |t Т. 1  |v С. 153-155  |d 2009  |p 183 с. 
610 1 |a заёмщики 
610 1 |a кредитоспособность 
610 1 |a оценка 
610 1 |a финансовое состояние 
610 1 |a коэффициенты 
610 1 |a экспертное оценивание 
610 1 |a труды учёных ТПУ 
700 1 |a Петренко  |b В. Е. 
801 1 |a RU  |b 63413507  |c 20100219 
942 |c BK